000 01223nam a22003497a 4500
003 CHAP
005 20220817044514.0
008 120223s2011 it a rn 00010 spa d
010 _a102823
011 _a103795
020 _a9789253064533
035 _a114484
040 _cCHAP
082 0 4 _a636.08
_bF21Doc. v.168
110 2 _aFAO
245 1 0 _aAñadiendo valor a la diversidad ganadera :
_bmercadotecnia para promover las razas autóctonas y mejorar los medios de subsistencia
_c/por Evelyn Mathias
260 _aRom :
_bFAO,
_c2011
300 _axv, 156 p. :
_bilus.
490 0 _aFAO. Producción y sanidad animal.
_pDocumento
_v; 168
590 _aBATCH-UPD
_b10
_c20130110
_lUCH01
_h1159
590 _aBATCH-UPD
_b10
_c20130410
_lUCH01
_h0741
590 _aBATCH-UPD
_b10
_c20130914
_lUCH01
_h1538
590 _aCONVERSION
_b10
_c20130109
_lUCH01
_h1357
650 1 4 _aGenética animal.
650 1 4 _aProductos animales.
_992040
650 1 4 _aRecursos genéticos.
_995078
700 1 _aMathias, Evelyn
_973007
830 0 _aFAO. Producción y sanidad animal.
_pDocumento
_v; 168
901 _aBK
942 _cLIBRO
949 _a636.08 F21Doc. v.168
_bBC
_cFAO
_d33724002319033
_eFAO1
_gDonaciØn
_h116077
_i114484
_sb
999 _c102823
_d102823